00813nam a2200241Ia 4500003000900000008004100009020002200050040001600072080001700088100003300105245004500138260003400183300001900217650003000236650002700266650003000293650003300323650003000356700002600386942000700412999001700419952013500436IN-BaIIA211028s9999 xx 000 0 eng d a978-3-540-42739-1 cIIA Library a530.145bBAS aBasdevant, Jean-Louis924365 0aQuantum mechanicscJean-Louis Basdevant aBerlinbSpringer-Verlagc2002 axxii, 511p.+cd aBrightest galaxies926987 aGalaxy clusters913872 aGamma - Ray bursts910403 aGravitational lensing920376 aGravitational waves93825 aDalibard, Jean924366 cBK c14931d14931 00104070aBANbBANcGENd2003-02-11eEDS g3627.61l0o530.145/ BASp15853r2021-11-05v3627.61w2003-02-11yBKGRs. 3627.61